000 01341nam2a22002651 4500
001 RU\NLR\INFOCOMM31\5000101977
005 20250617035558.0
035 _a(NLR Aleph) 002428953
090 _a1975412
_c1975412
100 _a20050207d1979 |||y0rusy50 ca
101 0 _arus
102 _aRU
105 _ay ||||000|y
200 1 _aОпыт и пути совершенствования экономического стимулирования производства
_fИ.Я. Михалин, В.Б. Толоконников
210 _d1979
_aБ. м.
461 0 _1001RU\NLR\INFOCOMM31\5000101926
_12001#$aЭкономика и организация лесохозяйственного производства$eОбзор. информ.$fГос. ком. СССР по лесн. хоз-ву. ЦБНТИ$v1979, Вып.1
_91975112
_cМ.
_d1979-1989
_fГос. ком. СССР по лесн. хоз-ву. ЦБНТИ
_oОбзор. информ.
_tЭкономика и организация лесохозяйственного производства
_x0130-9129
_v1979, Вып.1
700 1 _aМихалин
_bИ.Я.
_4070
701 1 _aТолоконников
_bВ.Б.
_4070
801 1 _aRU
_bInfoComm
_c20050207
801 0 _aRU
_bNLR
_gPSBO
852 _aNLR
_jП22/4826
942 _cISSUE
980 _aNB
980 _aRUSPER